Atmosphere Song Quiz - Statistics

General Stats
  • This quiz has been taken 2 times
  • The average score is 28 of 237
Answer Stats
Year Album/Mixtape Song % Correct
2002 God Loves Ugly GodLovesUgly
100%
2008 When Life Gives You Lemons, You Paint That Shit Gold Me
100%
2003 Seven's Travels Shoes
100%
2005 You Can't Imagine How Much Fun We're Having Smart Went Crazy
100%
2007 Sad Clown Bad Summer #9 Sunshine
100%
2008 When Life Gives You Lemons, You Paint That Shit Gold The Waitress
100%
2010 To All My Friends, Blood Makes The Blade Holy: The Atmosphere Ep's To All My Friends
100%
2003 Seven's Travels Trying To Find A Balance
100%
2008 When Life Gives You Lemons, You Paint That Shit Gold Yesterday
100%
2008 When Life Gives You Lemons, You Paint That Shit Gold You
100%
1997 Overcast! @
50%
2003 Seven's Travels Always Coming Back Home To You
50%
2011 The Family Sign Became
50%
2003 Seven's Travels Bird Sings Why The Caged I Know
50%
2014 Southsiders Bitter
50%
2001 Lucy Ford: The Atmosphere EP's Don't Ever Fucking Question That
50%
2016 Fishing Blues Fishing Blues
50%
2002 God Loves Ugly F'@k You Lucy
50%
2010 To All My Friends, Blood Makes The Blade Holy: The Atmosphere Ep's Freefallin'
50%
2005 You Can't Imagine How Much Fun We're Having Get Fly
50%
2002 God Loves Ugly GodLovesUgly Reprise
50%
2008 When Life Gives You Lemons, You Paint That Shit Gold Guarantees
50%
1999 Headshots: Se7en Heart
50%
2003 Seven's Travels History
50%
2008 When Life Gives You Lemons, You Paint That Shit Gold In Her Music Box
50%
2003 Seven's Travels Los Angeles
50%
2001 Lucy Ford: The Atmosphere EP's Mama Had A Baby And His Head Popped Off
50%
2018 Mi Vida Local Mijo
50%
2011 The Family Sign Millennium Dodo
50%
2005 You Can't Imagine How Much Fun We're Having Musical Chairs
50%
2011 The Family Sign My Key
50%
2014 Southsiders My Lady Got Two Men
50%
2005 You Can't Imagine How Much Fun We're Having Pour Me Another
50%
2008 When Life Gives You Lemons, You Paint That Shit Gold Puppets
50%
2016 Frida Kahlo Vs Ezra Pound Salma Hayek
50%
2011 The Family Sign She's Enough
50%
2002 God Loves Ugly Shrapnel
50%
1997 Overcast! Sound Is Vibration
50%
2001 Lucy Ford: The Atmosphere EP's Tears For The Sheep
50%
2010 To All My Friends, Blood Makes The Blade Holy: The Atmosphere Ep's The Best Day
50%
2011 The Family Sign The Last To Say
50%
2010 To All My Friends, Blood Makes The Blade Holy: The Atmosphere Ep's The Major Leagues
50%
2010 To All My Friends, Blood Makes The Blade Holy: The Atmosphere Ep's The Number None
50%
2007 Sad Clown Bad Summer #9 The Number One
50%
2000 Lucy Ford: The Atmosphere EP's The Woman With The Tattooed Hands
50%
2008 When Life Gives You Lemons, You Paint That Shit Gold Your Glass House
50%
1997 Overcast! 1597
0%
1999 Headshots: Se7en 3.2 Red Dog
0%
1997 Overcast! 4:30 AM
0%
2007 Sad Clown Bad Winter #11 66th Street
0%
1997 Overcast! Adjust
0%
1999 Headshots: Se7en Advanced Communications
0%
2002 God Loves Ugly A Girl Named Hope
0%
2011 The Family Sign Ain't Nobody
0%
2016 Fishing Blues A Long Hello
0%
2010 To All My Friends, Blood Makes The Blade Holy: The Atmosphere Ep's Americareful
0%
2005 You Can't Imagine How Much Fun We're Having Angelface
0%
1999 Headshots: Se7en Anterlude
0%
2016 Fishing Blues Anybody That I've Known
0%
2018 Mi Vida Local Anymore
0%
2003 Seven's Travels Apple
0%
2014 Southsiders Arthur's Song
0%
2002 God Loves Ugly A Song About A Friend
0%
2001 Lucy Ford: The Atmosphere EP's Aspiring Sociopath
0%
1999 Headshots: Se7en A Tall Seven And Seven
0%
1999 Headshots: Se7en At It Again
0%
2011 The Family Sign Bad Bad Daddy
0%
2005 You Can't Imagine How Much Fun We're Having Bam
0%
2007 Sad Clown Bad Winter #11 Beautiful
0%
2016 Fishing Blues Besos
0%
2001 Lucy Ford: The Atmosphere EP's Between The Lines
0%
2002 God Loves Ugly Blamegame
0%
2002 God Loves Ugly Breathing
0%
1997 Overcast! Brief Description
0%
2014 Southsiders Camera Theif
0%
2008 When Life Gives You Lemons, You Paint That Shit Gold Can't Break
0%
2008 Sad Clown Bad Spring #12 Carry Me Home
0%
2003 Seven's Travels Cats Van Bags
0%
1997 Overcast! Caved In
0%
2016 Fishing Blues Chasing New York
0%
1999 Headshots: Se7en Choking On The Wishbone
0%
1997 Overcast! Clay
0%
2009 Leak At Will C'mon
0%
2010 To All My Friends, Blood Makes The Blade Holy: The Atmosphere Ep's Commodities
0%
1997 Overcast! Complications
0%
2007 Strictly Leakage Crewed Up
0%
1997 Overcast! Cuando Limpia El Humo
0%
1997 Overcast! Current Status
0%
1999 Headshots: Se7en Deer Wolf
0%
2018 Mi Vida Local Delicate
0%
2003 Seven's Travels Denvemolorado
0%
2007 Strictly Leakage Domestic Dog
0%
2007 Sad Clown Bad Summer #9 Don't Forget
0%
2007 Sad Clown Bad Winter #11 Don't Stop
0%
2008 When Life Gives You Lemons, You Paint That Shit Gold Dreamer
0%
2018 Mi Vida Local Drown
0%
1999 Headshots: Se7en Dungeons And Dragons
0%
2018 Mi Vida Local Earring
0%
2016 Fishing Blues Everything
0%
2009 Leak At Will Feel Good Hit Of The Summer Part 2
0%
2015 Frida Kahlo Vs Ezra Pound Finer Things
0%
2016 Frida Kahlo Vs Ezra Pound Fireflies
0%
2002 God Loves Ugly Flesh
0%
2014 Southsiders Flicker
0%
2014 Southsiders Fortunate
0%
2000 Lucy Ford: The Atmosphere EP's Free Or Dead
0%
2007 Strictly Leakage Full Moon
0%
2007 Strictly Leakage Get It To Get Her
0%
2002 God Loves Ugly Give Me
0%
2008 Sad Clown Bad Spring #12 Good Daddy
0%
2003 Seven's Travels Good Times (Sick Pimpin')
0%
2003 Seven's Travels Gotta Lotta Walls
0%
2018 Mi Vida Local Graffiti
0%
2001 Lucy Ford: The Atmosphere EP's Guns And Cigarettes
0%
2002 God Loves Ugly Hair
0%
2008 Sad Clown Bad Spring #12 Happymess
0%
2007 Sad Clown Bad Winter #11 Ha, This One Is About Alcohol Too
0%
1999 Headshots: Se7en Higher Learning
0%
2005 You Can't Imagine How Much Fun We're Having Hockey Hair
0%
2010 To All My Friends, Blood Makes The Blade Holy: The Atmosphere Ep's Hope
0%
2011 The Family Sign I Don't Need Brighter Days
0%
2001 Lucy Ford: The Atmosphere EP's If I Was Santa Claus
0%
2011 The Family Sign If You Can Save Me Now
0%
2014 Southsiders I Love You Like A Brother
0%
2003 Seven's Travels In My Continental
0%
2001 Lucy Ford: The Atmosphere EP's It Goes
0%
1999 Headshots: Se7en I Wish Those Cats At Fobia Would Give
0%
2014 Southsiders January On Lake Street
0%
2003 Seven's Travels Jason
0%
2018 Mi Vida Local Jerome
0%
2007 Strictly Leakage Jewelry
0%
2011 The Family Sign Just For Show
0%
2014 Southsiders Kanye West
0%
2008 Sad Clown Bad Spring #12 Less One
0%
2014 Southsiders Let Me Know That You Know What You Want Now
0%
2003 Seven's Travels Lifter Puller
0%
2016 Fishing Blues Like A Fire
0%
2008 When Life Gives You Lemons, You Paint That Shit Gold Like The Rest Of Us
0%
2001 Lucy Ford: The Atmosphere EP's Like Today
0%
2003 Seven's Travels Liqour Lyle Cool July
0%
2005 You Can't Imagine How Much Fun We're Having Little Man
0%
2007 Strictly Leakage Little Math You
0%
2001 Lucy Ford: The Atmosphere EP's Lost And Found
0%
2002 God Loves Ugly Lovelife
0%
1999 Headshots: Se7en Lyle Lovette
0%
2007 Sad Clown Bad Fall #10 Lyndale Avenue User's Manual
0%
2007 Sad Clown Bad Fall #10 Makes The Sun Come Out
0%
2007 Sad Clown Bad Summer #9 Mattress
0%
2009 Leak At Will Millie Fell Off The Fire Escape
0%
2002 God Loves Ugly Modern Man's Hustle
0%
1999 Headshots: Se7en Molly Cool
0%
2009 Leak At Will Mother's Day
0%
2014 Southsiders Mrs. Interpret
0%
1997 Overcast! Multiples
0%
1997 Overcast! Multiples (Reprise)
0%
2016 Frida Kahlo Vs Ezra Pound My Best Half
0%
2011 The Family Sign My Notes
0%
2003 Seven's Travels National Disgrace
0%
2016 Fishing Blues Next To You
0%
2016 Fishing Blues No Biggie
0%
2008 Sad Clown Bad Spring #12 Not Another Day
0%
2000 Lucy Ford: The Atmosphere EP's Nothing But Sunshine
0%
1997 Overcast! Ode To The Modern Man (Lightning Blend)
0%
2002 God Loves Ugly Onemosphere
0%
2002 God Loves Ugly One Of A Kind
0%
2008 When Life Gives You Lemons, You Paint That Shit Gold Painting
0%
2005 You Can't Imagine How Much Fun We're Having Panic Attack
0%
2000 Lucy Ford: The Atmosphere EP's Party For The Fight To Write
0%
2007 Sad Clown Bad Fall #10 Party Over Here
0%
2016 Fishing Blues Perfect
0%
2007 Sad Clown Bad Fall #10 Peyote
0%
2016 Fishing Blues Pure Evil
0%
2018 Mi Vida Local Randy Mosh
0%
2003 Seven's Travels Reflections
0%
2007 Sad Clown Bad Summer #9 RFTC
0%
2016 Fishing Blues Ringo
0%
2007 Strictly Leakage Road To Riches
0%
1999 Headshots: Se7en Round And Round
0%
2002 God Loves Ugly Saves The Day
0%
2005 You Can't Imagine How Much Fun We're Having Say Hey There
0%
2010 To All My Friends, Blood Makes The Blade Holy: The Atmosphere Ep's Scalp
0%
1997 Overcast! Scapegoat
0%
2016 Fishing Blues Seismic Waves
0%
1999 Headshots: Se7en Sep Seven Game Show Theme
0%
2010 To All My Friends, Blood Makes The Blade Holy: The Atmosphere Ep's Shotgun
0%
2008 When Life Gives You Lemons, You Paint That Shit Gold Shoulda Known
0%
2011 The Family Sign Something So
0%
2014 Southsiders Southsiders
0%
2018 Mi Vida Local Specificity
0%
2014 Southsiders Star Shaped Heart
0%
2016 Fishing Blues Still Be Here
0%
2018 Mi Vida Local Stopwatch
0%
2016 Fishing Blues Sugar
0%
2003 Seven's Travels Suicidegirls
0%
2005 You Can't Imagine How Much Fun We're Having That Night
0%
2007 Strictly Leakage That's Not Beef, That's Pork
0%
1999 Headshots: Se7en The Abusing Of The Rib
0%
2005 You Can't Imagine How Much Fun We're Having The Arrival
0%
2002 God Loves Ugly The Bass And The Movement
0%
1999 Headshots: Se7en The Jackpot/Swept Away
0%
2003 Seven's Travels The Keys To Life Vs 15 Minutes Of Fame
0%
2010 To All My Friends, Blood Makes The Blade Holy: The Atmosphere Ep's The Loser Wins
0%
2007 Strictly Leakage The Old Style
0%
1997 Overcast! The Outernet
0%
2007 Sad Clown Bad Fall #10 The Rooster
0%
2009 Leak At Will The Ropes
0%
2016 Fishing Blues The Shit That We've Been Through
0%
2008 When Life Gives You Lemons, You Paint That Shit Gold The Skinny
0%
1999 Headshots: Se7en The Stick up
0%
2007 Strictly Leakage The Things That Hate Us
0%
2014 Southsiders The World Might Not Live Through The Night
0%
2007 Sad Clown Bad Winter #11 They All Get Mad At You
0%
2009 Leak At Will They Always Know
0%
2000 Lucy Ford: The Atmosphere EP's They're All Gonna Laugh @ You
0%
2015 Frida Kahlo Vs Ezra Pound This Lonely Rose
0%
1999 Headshots: Se7en To The Break Of Sean
0%
1999 Headshots: Se7en Tracksmart
0%
2018 Mi Vida Local Trim
0%
2016 Frida Kahlo Vs Ezra Pound Trying To Fly
0%
2010 To All My Friends, Blood Makes The Blade Holy: The Atmosphere Ep's Until The Nipples Gone
0%
1997 Overcast! Untitled
0%
2002 God Loves Ugly Vampires
0%
2018 Mi Vida Local Virgo
0%
2005 You Can't Imagine How Much Fun We're Having Watch Out
0%
2014 Southsiders We Ain't Gonna Die Today
0%
2007 Strictly Leakage What They Sitting For?
0%
2016 Fishing Blues When The Lights Go Out
0%
2009 Leak At Will White Noise
0%
2011 The Family Sign Who I'll Never Be
0%
2008 When Life Gives You Lemons, You Paint That Shit Gold Wild Wild Horses
0%
2016 Frida Kahlo Vs Ezra Pound Windows
0%
1997 Overcast! WND
0%
2016 Fishing Blues Won't Look Back
0%
1999 Headshots: Se7en Write Now (Multiples No.4)
0%
2007 Strictly Leakage YGM
0%
2007 Strictly Leakage You Played Yourself
0%
2011 The Family Sign Your Name Here
0%
No matching quizzes found
Score Distribution
Percent of People with Each Score
Percentile by Number Answered
Your Score History
You have not taken this quiz